书目信息 |
| 题名: |
当代外国诗佳作导读
|
|
| 作者: | 陈超 著 | |
| 分册: | 上 | |
| 出版信息: | 北京 作家出版社有限公司 2025.01 |
|
| 页数: | 478页 | |
| 开本: | 24cm | |
| 丛书名: | 陈超诗文全编 | |
| 单 册: | ||
| 中图分类: | I106.2-53 | |
| 科图分类: | ||
| 主题词: | 诗歌研究--国外--文集 | |
| 电子资源: | ||
| ISBN: | 978-7-5212-3058-1 | |
| 000 | 00995nam0 2200265 450 | |
| 001 | 013302979 | |
| 005 | 20250924195806.90 | |
| 010 | @a978-7-5212-3058-1@b精装@dCNY99.00 | |
| 100 | @a20241217d2025 em y0chiy0120 ea | |
| 101 | 0 | @achi |
| 102 | @aCN@b110000 | |
| 105 | @aa z 000yy | |
| 106 | @ar | |
| 200 | 1 | @a当代外国诗佳作导读@9dang dai wai guo shi jia zuo dao du@f陈超著@h上 |
| 210 | @a北京@c作家出版社有限公司@d2025.01 | |
| 215 | @a478页@c图@d24cm | |
| 225 | 1 | @a陈超诗文全编@h第5卷@i导读卷 |
| 330 | @a本书是一部兼具专业性和可读性的诗歌导读专著,入选作品系20世纪40年代以降外国当代诗歌佳作,共收录33个国家104位诗人的诗作283首。诗人作品的排列,以美洲、欧洲、拉丁美洲、大洋洲、非洲、亚洲为序;同一国家的诗人以出生年月为序。 | |
| 461 | 0 | @12001 @a陈超诗文全编 |
| 462 | 0 | @12001@@@@a导读卷 |
| 606 | 0 | @a诗歌研究@x国外@j文集 |
| 690 | @aI106.2-53@v5 | |
| 701 | 0 | @a陈超@9chen chao@f(1958-2014)@4著 |
| 801 | 0 | @aCN@c20250905 |
| 905 | @a河南城建学院图书馆@dI106.2@eC386:1@ZC386:1@f1 | |
| 当代外国诗佳作导读/陈超著.上.-北京:作家出版社有限公司,2025.01 |
| 478页:图;24cm.-(陈超诗文全编.第5卷.导读卷) |
| ISBN 978-7-5212-3058-1(精装):CNY99.00 |
| 本书是一部兼具专业性和可读性的诗歌导读专著,入选作品系20世纪40年代以降外国当代诗歌佳作,共收录33个国家104位诗人的诗作283首。诗人作品的排列,以美洲、欧洲、拉丁美洲、大洋洲、非洲、亚洲为序;同一国家的诗人以出生年月为序。 |
| ● |
| 相关链接 |
|
|
|
正题名:当代外国诗佳作导读
索取号:I106.2/C386:1
 
预约/预借
| 序号 | 登录号 | 条形码 | 馆藏地/架位号 | 状态 | 备注 |
| 1 | 1631282 | 216312826 | 文学库108/108文学库 1排7列5层/ [索取号:I106.2/C386:1] | 在馆 |